header

Mathematics and computability of language (Record no. 22641)

MARC details
000 -LEADER
fixed length control field 01875nam a2200397 a 4500
082 04 - DEWEY DECIMAL CLASSIFICATION NUMBER
Classification number 410
245 00 - TITLE STATEMENT
Title Mathematics and computability of language
260 ## - PUBLICATION, DISTRIBUTION, ETC. (IMPRINT)
Place of publication Amsterdam ;
-- Philadelphia :
Name of publisher J. Benjamins Pub. Co.,
Year of publication c2002.
300 ## - PHYSICAL DESCRIPTION
Number of Pages xviii, 312 p. :
Other physical details ill.
490 0# - SERIES STATEMENT
Series statement Amsterdam studies in the theory and history of linguistic science, Series IV, Current issues in linguistic theory,
Series statement Current issues in linguistic theory
Series statement The Legacy of Zellig Harris ;
650 #0 - SUBJECT ADDED ENTRY--TOPICAL TERM
Topical Term Linguistics.
700 1# - ADDED ENTRY--PERSONAL NAME
Personal name Johnson, Stephen M.
Personal name Nevin, Bruce E.
856 40 - ELECTRONIC LOCATION AND ACCESS
Uniform Resource Identifier http://site.ebrary.com/lib/rucke/Doc?id=10023476

No items available.

© 2026 Rongo University
Contact us: librarian | system librarian | Rongo university